|
|
|
|
| LEADER |
01176nam a2200301 a 4500 |
| 001 |
12014 |
| 003 |
BD-DhAAL |
| 008 |
110306r20001999enk 001 0 eng d |
| 999 |
|
|
|c 10512
|d 10512
|
| 015 |
|
|
|a GBA002637 |2 bnb
|
| 020 |
|
|
|a 0750644567
|
| 035 |
|
|
|a (UkOxU)O13700081
|
| 040 |
|
|
|a UkOxU
|d Uk
|d BD-DhAAL
|
| 082 |
0 |
4 |
|a 658
|2 21
|
| 100 |
1 |
|
|a Drucker, Peter F.
|q (Peter Ferdinand),
|d 1909-2005
|9 40109
|
| 245 |
1 |
0 |
|a Management challenges for the 21st century /
|c Peter F. Drucker.
|
| 260 |
|
|
|a Oxford :
|b Butterworth-Heinemann,
|c 1999 [reprinted 2000].
|
| 300 |
|
|
|a xii, 205 pages ;
|c 24 cm.
|
| 541 |
1 |
|
|e 00012014
|
| 650 |
|
0 |
|a Management
|x Forecasting.
|9 40110
|
| 650 |
|
0 |
|a Organizational change.
|9 40111
|
| 650 |
|
0 |
|a Knowledge management.
|9 40112
|
| 650 |
|
0 |
|a Reengineering (Management)
|9 40113
|
| 650 |
|
0 |
|a Business forecasting.
|9 40114
|
| 690 |
7 |
|
|a Management and Business Studies
|2 blcoll
|9 40115
|
| 852 |
|
|
|a Ayesha Abed Library
|c General Stacks
|
| 942 |
|
|
|2 ddc
|c BK
|
| 952 |
|
|
|0 0
|1 0
|2 ddc
|4 0
|6 658_406000000000000_DRU
|7 0
|9 14569
|a BRACUL
|b BRACUL
|c GEN
|d 2011-03-06
|l 1
|m 1
|o 658.406 DRU
|p 3010012014
|r 2011-11-22
|s 2011-05-11
|t 1
|w 2011-03-06
|y BK
|x Price not available in Register
|